000 003080000a22001450004500
020 _a978-958-30-2426-9
082 0 4 _aB P1918c
110 1 _aPanamericana Editorial
245 1 0 _aEs Hora de Comer
260 _aChina
300 _a8 Pag
500 _aLibro de tela para bebes
001 1902
942 _cLGB
999 _c49055
_d49055